Preferred check-list of Sabah trees
| Main Author: | |
|---|---|
| Format: | Book |
| Published: |
[Kuching] :
Borneo Literature Bureau ,
[c1970]
|
| Series: | Sabah forest record; no. 7
|
| Subjects: |
MARC
| LEADER | 00000cam a2200000 7i4500 | ||
|---|---|---|---|
| 001 | 0000002379 | ||
| 005 | 20030601.0 | ||
| 090 | 0 | 0 | |a 582.160959521 |b FOX 1970 |
| 100 | 1 | 0 | |a FOX |h J. E. D. |
| 245 | 1 | 0 | |a Preferred check-list of Sabah trees |c compiled by J. E. D. Fox |
| 260 | 0 | 0 | |a [Kuching] : |b Borneo Literature Bureau , |c [c1970] |
| 300 | |a 65 p. ; |c 17 cm. | ||
| 440 | 0 | 0 | |a Sabah forest record; no. 7 |
| 650 | 0 | 0 | |a Trees |z Malaysia |z Sabah |
| 998 | |a JPSM | ||
| 999 | |a 0000004096 |b Monograph |c Open Shelf |e Default branch | ||